000 01189nam a2200325 i 4500
003 EG-GICUC
005 20260121101556.0
008 251231s1991 ae ||||fr|||| 000 0 ara d
040 _a EG-GICUC
_bara
_c EG-GICUC
_d EG-GICUC
_erda
041 0 _aara
082 0 4 _221
_a343.6
_bأ س . م
092 0 4 _221
099 _aLaw1 10 343.6 أ س . م 1991
100 0 _aأسحق إبراهيم منصور.
_eمؤلف.
245 1 0 _aموجز في علم الإجرام وعلم العقاب /
_cأسحق إبراهيم منصور.
250 _aالطبعة الثانية.
264 1 _aالجزائر :
_bديوان المطبوعات الجامعية,
_c1991.
300 _a218 صفحة, صفحات غير مرقمة ؛
_c24 سم.
336 _2rda content
_atext
337 _2rda media
_aComputer
338 _2rda carrier
_aOnline Resource
504 _aيشتمل على إرجاعات ببليوجرافية.
546 _aالنص باللغة العربية
650 1 _aعلم الإجرام
_2qrmak
650 1 _aعلم العقاب
651 1 _2qrmak
856 4 0 _uhttps://fll.law.cu.edu.eg/fulltext/bks/B10-07101.pdf
905 _a62
942 _2ddc
_n0
_cBK
_e21
999 _c53494
_d53494